00440nam a2200121Ia 4500003000400000005001700004008004100021040001800062041000800080100004100088245015500129260003400284OSt20260124112423.0211028s2017 xx 000 0 und d cAIMIT LIBRARY aeng aJose, Joseph; Sumitha, P V.g1516064 aStudy on the impact of service quality and customer value on customer satisfaction with reference to volkswagen (phoenix cars India pvt ltd) Calicut / aMangalorebP V Sumitha.c2017